000 00304nam a22001337a 4500
008 170907b xxu||||| |||| 00| 0 eng d
020 _a007028301-X
041 _aeng
080 _24TH
_a72
100 _a41
101 _aARK
245 _aARCHITECTURE: DRAFTIN AND DESIGN
_cHEPLER,D.E
942 _2udc
_cBK
999 _c26506
_d26506